<?xml version="1.0" encoding="UTF-8"?>
<collection xmlns="http://www.loc.gov/MARC21/slim">
 <record>
  <leader>01451nam0a2200265   4500</leader>
  <controlfield tag="001">in00000004022</controlfield>
  <controlfield tag="005">20230404153850.6</controlfield>
  <datafield tag="010" ind1=" " ind2=" ">
   <subfield code="a">978-7-5730-0836-7</subfield>
   <subfield code="d">CNY58.00</subfield>
  </datafield>
  <datafield tag="035" ind1=" " ind2=" ">
   <subfield code="a">012131114</subfield>
  </datafield>
  <datafield tag="100" ind1=" " ind2=" ">
   <subfield code="a">20230201d2022    em y0chiy50      ea</subfield>
  </datafield>
  <datafield tag="101" ind1="1" ind2=" ">
   <subfield code="a">chi</subfield>
   <subfield code="c">eng</subfield>
  </datafield>
  <datafield tag="102" ind1=" " ind2=" ">
   <subfield code="a">CN</subfield>
   <subfield code="b">460000</subfield>
  </datafield>
  <datafield tag="105" ind1=" " ind2=" ">
   <subfield code="a">y   z   000yy</subfield>
  </datafield>
  <datafield tag="106" ind1=" " ind2=" ">
   <subfield code="a">r</subfield>
  </datafield>
  <datafield tag="200" ind1="1" ind2=" ">
   <subfield code="a">微小的总和</subfield>
   <subfield code="9">wei xiao de zong he</subfield>
   <subfield code="e">新精英阶层的消费选择</subfield>
   <subfield code="d">The sum of small things</subfield>
   <subfield code="e">a theory of the aspirational class</subfield>
   <subfield code="f">(美)伊丽莎白·科里德-霍尔基特(Elizabeth Currid-Halkett)著</subfield>
   <subfield code="g">尹楠译</subfield>
   <subfield code="z">eng</subfield>
  </datafield>
  <datafield tag="210" ind1=" " ind2=" ">
   <subfield code="a">海口</subfield>
   <subfield code="c">海南出版社</subfield>
   <subfield code="d">2022</subfield>
  </datafield>
  <datafield tag="215" ind1=" " ind2=" ">
   <subfield code="a">315页</subfield>
   <subfield code="d">21cm</subfield>
  </datafield>
  <datafield tag="300" ind1=" " ind2=" ">
   <subfield code="a">理想国纪实 11</subfield>
  </datafield>
  <datafield tag="330" ind1=" " ind2=" ">
   <subfield code="a">本书以丰富的叙述和广泛的调研，展现了志向阶级如何通过教育、健康、育儿等各个方面的消费支出选择，实现财富的增长和阶层的向上流动，并进一步加深与其他社会阶层之间的差距。志向阶级的消费习惯已经从有形的物质消费转变为更彰显其身份与知识的消费支出，同时也影响了我们所有人的消费选择。</subfield>
  </datafield>
  <datafield tag="510" ind1="1" ind2=" ">
   <subfield code="a">Sum of small things</subfield>
   <subfield code="e">a theory of the aspirational class</subfield>
   <subfield code="z">eng</subfield>
  </datafield>
  <datafield tag="606" ind1="0" ind2=" ">
   <subfield code="a">消费者行为论</subfield>
   <subfield code="x">研究</subfield>
  </datafield>
  <datafield tag="690" ind1=" " ind2=" ">
   <subfield code="a">F036.3</subfield>
   <subfield code="v">5</subfield>
  </datafield>
  <datafield tag="701" ind1=" " ind2="0">
   <subfield code="c">(美)</subfield>
   <subfield code="a">科里德-霍尔基特</subfield>
   <subfield code="9">ke li de -huo er ji te</subfield>
   <subfield code="c">(Currid-Halkett, Elizabeth)</subfield>
   <subfield code="4">著</subfield>
  </datafield>
  <datafield tag="702" ind1=" " ind2="0">
   <subfield code="a">尹楠</subfield>
   <subfield code="9">yin nan</subfield>
   <subfield code="4">译</subfield>
  </datafield>
  <datafield tag="999" ind1="f" ind2="f">
   <subfield code="s">39c35ea2-bb94-44eb-8e29-a7a6008265fd</subfield>
   <subfield code="i">305ff434-c306-4cef-9670-810e43f63a63</subfield>
  </datafield>
 </record>
</collection>
